The Kalevala : (Record no. 5985)
[ view plain ]
| 000 -LEADER | |
|---|---|
| fixed length control field | 01438cac a22003731u 4500 |
| 003 - CONTROL NUMBER IDENTIFIER | |
| control field | EG-ScBUE |
| 005 - DATE AND TIME OF LATEST TRANSACTION | |
| control field | 20220314102002.0 |
| 008 - FIXED-LENGTH DATA ELEMENTS--GENERAL INFORMATION | |
| fixed length control field | 081201s1989 enka f b 000 1 eng d |
| 020 ## - INTERNATIONAL STANDARD BOOK NUMBER | |
| International Standard Book Number | 0192817000 |
| 020 ## - INTERNATIONAL STANDARD BOOK NUMBER | |
| International Standard Book Number | 9780192817006 |
| 040 ## - CATALOGING SOURCE | |
| Original cataloging agency | EG-ScBUE |
| Language of cataloging | eng |
| Description conventions | rda |
| Transcribing agency | EG-ScBUE |
| Modifying agency | EG-ScBUE |
| 041 1# - LANGUAGE CODE | |
| Language code of text/sound track or separate title | eng |
| Language code of original and/or intermediate translations of text | fin |
| 082 04 - DEWEY DECIMAL CLASSIFICATION NUMBER | |
| Classification number | 894.5411 |
| Item number | LON |
| Edition number | 22 |
| 100 1# - MAIN ENTRY--PERSONAL NAME | |
| Personal name | Lönnrot, Elias, |
| Dates associated with a name | 1802-1884, |
| Relator term | author. |
| 245 14 - TITLE STATEMENT | |
| Title | The Kalevala : |
| Remainder of title | an epic poem after oral tradition / |
| Statement of responsibility, etc | by Elias Lönnrot ; translated from the Finnish with an introduction and notes by Keith Bosley ; and a foreword by Albert B. Lord. |
| 264 #1 - PUBLICATION, DISTRIBUTION, ETC. (IMPRINT) | |
| Place of publication, distribution, etc | Oxford : |
| Name of publisher, distributor, etc | Oxford University Press, |
| Date of publication, distribution, etc | 1989. |
| 300 ## - PHYSICAL DESCRIPTION | |
| Extent | lvi, 679 pages : |
| Other physical details | illustrations ; |
| Dimensions | 19 cm. |
| 336 ## - CONTENT TYPE | |
| Source | rdacontent |
| Content type term | text |
| Content type code | txt |
| 337 ## - MEDIA TYPE | |
| Source | rdamedia |
| Media type term | unmediated |
| Media type code | n |
| 338 ## - CARRIER TYPE | |
| Source | rdacarrier |
| Carrier type term | volume |
| Carrier type code | nc |
| 490 0# - SERIES STATEMENT | |
| Series statement | The World's classics |
| 500 ## - GENERAL NOTE | |
| General note | Distributer: Al-Ahram. |
| 500 ## - GENERAL NOTE | |
| General note | Includes Appendices. |
| 504 ## - BIBLIOGRAPHY, ETC. NOTE | |
| Bibliography, etc | Includes bibliographical references. |
| 546 ## - LANGUAGE NOTE | |
| Language note | Text in English ; translated from original Finnish. |
| 650 #7 - SUBJECT ADDED ENTRY--TOPICAL TERM | |
| Topical term or geographic name as entry element | Epic poetry, Finnish |
| General subdivision | Translations into English. |
| Source of heading or term | BUEsh |
| 9 (RLIN) | 33616 |
| 650 #7 - SUBJECT ADDED ENTRY--TOPICAL TERM | |
| Topical term or geographic name as entry element | Folklore |
| Geographic subdivision | Finland. |
| Source of heading or term | BUEsh |
| 651 ## - SUBJECT ADDED ENTRY--GEOGRAPHIC NAME | |
| Source of heading or term | BUEsh |
| 653 ## - INDEX TERM--UNCONTROLLED | |
| Resource For college | Humanities: English |
| Arrived date list | March2022 |
| 655 ## - INDEX TERM--GENRE/FORM | |
| Form subdivision | Reading book |
| 9 (RLIN) | 34232 |
| 700 1# - ADDED ENTRY--PERSONAL NAME | |
| Personal name | Bosley, Keith, |
| Relator term | translator. |
| -- | author of introduction, etc. |
| 700 1# - ADDED ENTRY--PERSONAL NAME | |
| Personal name | Lord, Albert Bates, |
| Relator term | author of introduction, etc. |
| 9 (RLIN) | 35155 |
| 942 ## - ADDED ENTRY ELEMENTS (KOHA) | |
| Koha item type | Book - Borrowing |
| Source of classification or shelving scheme | Dewey Decimal Classification |
| Withdrawn status | Lost status | Source of classification or shelving scheme | Damaged status | Not for loan | Collection code | Home library | Current library | Shelving location | Date acquired | Source of acquisition | Full call number | Barcode | Date last seen | Price effective from | Koha item type |
|---|---|---|---|---|---|---|---|---|---|---|---|---|---|---|---|
| Dewey Decimal Classification | Alahram | Central Library | Central Library | Second Floor | 07/11/2011 | Purchase | 894.5411 LON | 000006956 | 15/07/2025 | 11/11/2007 | Book - Borrowing |